000 00395nam a2200169Ia 4500
001 20095
003 IN-NITTTR
005 20251114233230.0
008 251113s9999||||xx |||||||||||||| ||eng||
040 _beng
040 _cIN-NITTTR
041 _aeng
082 _a658.4093 M11T
100 _aMackenzie, R. Alec
245 0 _aTime management methods /
_cMackenzie, R. Alec
942 _2ddc
_cBK
999 _c22729
_d22729